00650nam a2200217Ia 450000500170000000800410001702000310005804000190008904100120010808200170012010000190013724500800015625000240023626000430026030000080030350400490031165000270036065100140038770000200040185000110042120240430145622.0131103s9999 xx 000 0 und d a978-81-7625-691cRs 850.00 aLoreto College aEnglish a371.33 bMAH aMahapatra,B.C. aInformation Technology and Distance EducationcB.C. Mahapatra and K. Sharma a Shifting paradigm  aNew DelhibSarup Book Publishersc2010 avi. aIncluds bibliographical references and index aInformation technology aEducation aSharma,Kaushal  aLCBED